Garner's modern American usage / (Record no. 1335)

MARC details
000 -LEADER
fixed length control field 01252cam a2200337 a 4500
005 - DATE AND TIME OF LATEST TRANSACTION
control field 20260322212056.0
008 - FIXED-LENGTH DATA ELEMENTS--GENERAL INFORMATION
fixed length control field data
010 ## - LIBRARY OF CONGRESS CONTROL NUMBER
LC control number 2004295114
020 ## - INTERNATIONAL STANDARD BOOK NUMBER
International Standard Book Number 0195161912 (acidfree paper)
020 ## - INTERNATIONAL STANDARD BOOK NUMBER
International Standard Book Number 978-0195161915 (acid-free paper)
040 ## - CATALOGING SOURCE
Original cataloging agency CPE
Transcribing agency CPE
Modifying agency DLC
-- DLC
042 ## - AUTHENTICATION CODE
Authentication code lccopycat
043 ## - GEOGRAPHIC AREA CODE
Geographic area code n-us---
050 00 - LIBRARY OF CONGRESS CALL NUMBER
Classification number PE2827
Item number .G37 2003
082 00 - DEWEY DECIMAL CLASSIFICATION NUMBER
Classification number 423/.1
Edition information 22
092 ## - LOCALLY ASSIGNED DEWEY CALL NUMBER (OCLC)
Classification number 423 G37 2003
001 - CONTROL NUMBER
control field data
100 1# - MAIN ENTRY--PERSONAL NAME
Personal name Garner, Bryan A.
245 10 - TITLE STATEMENT
Title Garner's modern American usage /
Statement of responsibility, etc. Bryan A. Garner & Bryan A. Garner.
246 30 - VARYING FORM OF TITLE
Title proper/short title Modern American usage
250 ## - EDITION STATEMENT
Edition statement [2nd ed.]
260 ## - PUBLICATION, DISTRIBUTION, ETC.
Place of publication, distribution, etc. New York :
-- New York :
Name of publisher, distributor, etc. Oxford University Press,
Date of publication, distribution, etc. 2003.
300 ## - PHYSICAL DESCRIPTION
Extent xlv, 879 p. ;
Dimensions 25 cm.
500 ## - GENERAL NOTE
General note Rev. ed. of: A dictionary of modern American usage. 1998.
504 ## - BIBLIOGRAPHY, ETC. NOTE
Bibliography, etc. note Includes bibliographical references (p. 877-879).
650 #0 - SUBJECT ADDED ENTRY--TOPICAL TERM
Topical term or geographic name entry element English language
Geographic subdivision United States
General subdivision Usage
Form subdivision Dictionaries.
650 #0 - SUBJECT ADDED ENTRY--TOPICAL TERM
Topical term or geographic name entry element Americanisms
Form subdivision Dictionaries.
700 1# - ADDED ENTRY--PERSONAL NAME
Personal name Garner, Bryan A.
Title of a work Dictionary of modern American usage.
856 42 - ELECTRONIC LOCATION AND ACCESS
Materials specified Publisher description
Uniform Resource Identifier <a href="http://www.loc.gov/catdir/enhancements/fy0620/2004295114-d.html">http://www.loc.gov/catdir/enhancements/fy0620/2004295114-d.html</a>
856 42 - ELECTRONIC LOCATION AND ACCESS
Materials specified Contributor biographical information
Uniform Resource Identifier <a href="http://www.loc.gov/catdir/enhancements/fy0722/2004295114-b.html">http://www.loc.gov/catdir/enhancements/fy0722/2004295114-b.html</a>
Holdings
Withdrawn status Lost status Damaged status Not for loan Home library Current library Shelving location Date acquired Total checkouts Full call number Barcode Date last seen Price effective from Koha item type
        Franklin Franklin General stacks 22/03/2026   423/.1 22 BC0011378 22/03/2026 22/03/2026 Books